00639nam a2200193Ia 4500001001800000003000900018008004100027040002300068041001300091100001200104245008700116250001500203260002500218300001900243490001900262500003100281501012400312520000900436914.4-FRA (13552)IT-MiSPE171229s9999||||xx |||||||||||||| ||und|| aIT-MiSPEcIT-MiSPE aITALIANO aAA.VV.  0aFranciabArles, Avignone, Cannes, Lione, Marsiglia, Monaco, Strasbugo e la Corsica a1a ed. (v) aMilanobT.C.I.c1996 a456 p. c23 cm aGuide d'Europa aFrancia - Guide turistiche aEdizioni San Paolo srl - Piazza Soncino, 5 - 20092 CINISELLO BALSAMO (MI) (non commercial uses only) ® Copyright 2018 aIll.